| 000 | 02258nam2a22003851 4500 | ||
|---|---|---|---|
| 001 | rc\2350118 | ||
| 005 | 20260406024423.0 | ||
| 035 | _a(NLR Aleph) 006507497 | ||
| 090 |
_a6295364 _c6295364 |
||
| 100 | _a20110829d1980 u y0rusy50 ca | ||
| 101 | 0 | _arus | |
| 102 | _aRU | ||
| 105 | _ay z |||e| | ||
| 135 | _acrgn 008aaada | ||
| 200 | 1 |
_aСтатьи, заметки, рецензии, письма _f[Подгот. текстов и коммент. Е.А. Краснощековой, В.А. Недзвецкого _g[Под общ. ред. В.А. Недзвецкого, К.И. Тюнькина] |
|
| 210 | _d1980 | ||
| 215 | _a559 с. | ||
| 300 | _aИзд. выходит с 1977 г. | ||
| 320 | _aБиблиогр. в примеч.: с. 489-555 | ||
| 320 | _aАлф. указ. произведений, помещ. в т. 1-8: с. 556 | ||
| 325 | _aКопия доступна в Электрон. б-ке РНБ http://vivaldi.nlr.ru/bx000030193/view | ||
| 461 | 0 |
_1001rc\2350110 _12001#$aСобрание сочинений$eВ 8 т.$fИ.А. Гончаров$g[Под общ. ред. С.И. Машинского и др.$gВступ. статья К. Тюнькина, с. 5-30$gПодгот. текста и коммент. Е. Краснощековой]$vТ. 8 _1700#1$aГончаров$bИ.А.$gИван Александрович _95086537 _aГончаров, И. А. (1812-1891) _cМосква _d1977-1980 _fИ.А. Гончаров _nХудожественная литература _oв 8-ми томах _tСобрание сочинений _vТ. 8 |
|
| 702 | 1 |
_aКраснощекова _bЕ.А. _4212 _4220 |
|
| 702 | 1 |
_4212 _4220 _8rus _7ca _aНедзвецкий _bВ. А. _f1936-2014 _gВалентин Александрович _3RU\NLR\AUTH\77125995 _9108919 |
|
| 801 | 0 |
_aRU _bNLR _gpsbo |
|
| 801 | 1 |
_aRU _bELAR _2rusmarc |
|
| 852 |
_aNLR _j78-3/237 |
||
| 856 | 0 | _uhttp://vivaldi.nlr.ru/bx000030193/view | |
| 856 | 1 | _uhttp://vivaldi.nlr.ru/bx000030193/cover | |
| 856 | 2 | _uhttp://vivaldi.nlr.ru/bx000030193/text | |
| 942 | _cBOOK | ||
| 980 | _aNB | ||
| 981 | 3 | 3 |
_a(33) Художественная литература _b(33) Отечественная литература |